000 00480nam a22001697a 4500
005 20251108170007.0
008 250721s1991 xx 000 0 ara d
082 1 4 _aق/طه
100 1 _aوادي، طه
245 1 0 _aحكاية الليل و الطريق :
_bمجموعة قصصية /
250 _aط2
264 1 _aالقاهرة :
_bدار مصر للطباعة،
_c1991.
300 _a144ص
650 1 7 _aالقصص العربية
942 _2ddc
_cBK
999 _c36859
_d36859